<?xml version="1.0" encoding="UTF-8"?>
<record
    xmlns:xsi="http://www.w3.org/2001/XMLSchema-instance"
    xsi:schemaLocation="http://www.loc.gov/MARC21/slim http://www.loc.gov/standards/marcxml/schema/MARC21slim.xsd"
    xmlns="http://www.loc.gov/MARC21/slim">

  <leader>00590nam a22001817a 4500</leader>
  <controlfield tag="003">NUST</controlfield>
  <controlfield tag="005">20260312111647.0</controlfield>
  <controlfield tag="008">260312b           ||||| |||| 00| 0 eng d</controlfield>
  <datafield tag="020" ind1=" " ind2=" ">
    <subfield code="a"> 978-3319532011 </subfield>
  </datafield>
  <datafield tag="082" ind1=" " ind2=" ">
    <subfield code="a">550.28</subfield>
    <subfield code="b">AZE</subfield>
  </datafield>
  <datafield tag="100" ind1=" " ind2=" ">
    <subfield code="a"> Leonardo Azevedo, Am&#xED;lcar Soares.</subfield>
    <subfield code="9">133674</subfield>
  </datafield>
  <datafield tag="245" ind1=" " ind2=" ">
    <subfield code="a">Geostatistical Methods for Reservoir Geophysics /</subfield>
    <subfield code="b">Advances in Oil and Gas Exploration &amp; Production /</subfield>
    <subfield code="c">Leonardo Azevedo, Am&#xED;lcar Soares.</subfield>
  </datafield>
  <datafield tag="250" ind1=" " ind2=" ">
    <subfield code="a"> 1st edition</subfield>
  </datafield>
  <datafield tag="260" ind1=" " ind2=" ">
    <subfield code="a">Switzerland:</subfield>
    <subfield code="b">Springer,</subfield>
    <subfield code="c">2017.</subfield>
  </datafield>
  <datafield tag="300" ind1=" " ind2=" ">
    <subfield code="a">141 p ;</subfield>
    <subfield code="c">31.2 cm</subfield>
  </datafield>
  <datafield tag="563" ind1=" " ind2=" ">
    <subfield code="a">Hardcover</subfield>
  </datafield>
  <datafield tag="942" ind1=" " ind2=" ">
    <subfield code="2">ddc</subfield>
    <subfield code="c">BK</subfield>
  </datafield>
  <datafield tag="999" ind1=" " ind2=" ">
    <subfield code="c">616637</subfield>
    <subfield code="d">616637</subfield>
  </datafield>
  <datafield tag="952" ind1=" " ind2=" ">
    <subfield code="0">0</subfield>
    <subfield code="1">0</subfield>
    <subfield code="2">ddc</subfield>
    <subfield code="4">0</subfield>
    <subfield code="7">0</subfield>
    <subfield code="a">IGIS</subfield>
    <subfield code="b">IGIS</subfield>
    <subfield code="d">2026-03-12</subfield>
    <subfield code="l">0</subfield>
    <subfield code="o">550.28 AZE</subfield>
    <subfield code="p">IGIS-859</subfield>
    <subfield code="r">2026-03-12</subfield>
    <subfield code="w">2026-03-12</subfield>
    <subfield code="y">BK</subfield>
  </datafield>
</record>
